Basic electrical engineering / (Record no. 4009)

MARC details
000 -LEADER
fixed length control field 00616 a2200205 4500
005 - DATE AND TIME OF LATEST TRANSACTION
control field 20180914103909.0
010 ## - LCCN (DPL NO)
LC control number ENG-86036
020 ## - INTERNATIONAL STANDARD BOOK NUMBER
International Standard Book Number 007063422X
Terms of availability 195.00
035 ## - SYSTEM CONTROL NUMBER
System control number EN-69569
037 ## - SOURCE OF ACQUISITION
Source of stock number/acquisition D.B.Act / Pub
082 ## - DEWEY DECIMAL CLASSIFICATION NUMBER
Classification number 621.3
100 ## - MAIN ENTRY--PERSONAL NAME
Personal name Naidu, M.S.
245 ## - TITLE STATEMENT
Title Basic electrical engineering /
Statement of responsibility, etc by M.S.Naidu and S.Kamakshaiah
260 ## - PUBLICATION, DISTRIBUTION, ETC. (IMPRINT)
Place of publication, distribution, etc New Delhi
Name of publisher, distributor, etc Tata Mc-Graw Hill Publishing
Date of publication, distribution, etc 2007
270 ## - ADDRESS
Address 7, West Patel Nagar
City New Delhi
Postal code 110 008
300 ## - PHYSICAL DESCRIPTION
Extent xviii, 682 p.
Dimensions 23 cm. (Pbk.)
500 ## - GENERAL NOTE
General note Includes index.
700 ## - ADDED ENTRY--PERSONAL NAME
Personal name Kamakshaiah, S.
942 ## - ADDED ENTRY ELEMENTS (KOHA)
Institution code [OBSOLETE] dpl
Item type English Books
Source of classification or shelving scheme Dewey Decimal Classification
Classification part 621.3
Call number suffix NAI
Holdings
Withdrawn status Lost status Not for loan Collection code Home library Current library Date acquired Source of acquisition Cost, normal purchase price Full call number Barcode Copy number Cost, replacement price Koha item type
    Not For Loan Non-fiction D.B.Act.Division D.B.Act.Division   DBAD/PUB 195.00 621.3 NAI EN-69569 1 195.00 English Books

© Delhi Public Library
Hit Counter
free hit counter